Hán Sở tranh hùng Tây Hán chí T.1
v...v
Đã lưu trong:
| Định dạng: | Sách |
|---|---|
| Năm xuất bản: |
Đồng Tháp
Tổng hợp Đồng Tháp
1995
|
| Chủ đề: | |
| Tags: |
Thêm thẻ
Không có thẻ, Hãy là người đầu tiên gắn thẻ bản ghi này!
|
| LEADER | 00613nam a2200169 4500 | ||
|---|---|---|---|
| 082 | |a 895.1 |b H105s | ||
| 100 | |a | ||
| 245 | |a Hán Sở tranh hùng |c Mộng Bình Sơn dịch và khảo luận |b Tây Hán chí |n T.1 | ||
| 260 | |a Đồng Tháp |b Tổng hợp Đồng Tháp |c 1995 | ||
| 300 | |a 303 tr. |c 19 cm | ||
| 520 | |a v...v | ||
| 653 | |a Văn học cổ điển | ||
| 653 | |a Trung Quốc | ||
| 653 | |a Tiểu thuyết kiếm hiệp | ||
| 942 | |2 ddc |c SH | ||
| 999 | |c 5389 |d 5389 | ||
| 952 | |0 0 |1 0 |2 ddc |4 0 |6 895_100000000000000_H105S |7 0 |8 800 |9 51135 |a qbu |b qbu |c D5 |d 2014-12-22 |g 25000 |o 895.1 H105s |p 629.c1 |r 0000-00-00 |w 2014-12-22 |y SH | ||